Préfectures de France : Vannes - Statistiques

Statistiques générales
  • Ce quiz a été pris 116 fois
  • Le résultat moyen est 15 sur 26
Statistiques - réponses
Question Réponse % Correct
De quel département est-ce la préfecture ? Morbihan
100%
La ville est située sur le golfe du Morbihan
100%
Quel numéro porte celui-ci ? 56
99%
Comment se nomment ses habitants ? Vannetais
91%
A quelle région administrative appartient la ville depuis 2015 ? Bretagne
88%
Quelles sont les sous-préfectures qui en dépendent ? Lorient
86%
La ville appartient à l'académie de/d' Rennes
86%
Les journaux locaux sont Ouest France
82%
Le stade local est le stade de la Rabine
78%
Quel animal figure sur le blason ? hermine
75%
La couleur principale du blason est le/la/l' rouge
75%
La ville appartient au diocèse de/d' Vannes
68%
Quelles sont les sous-préfectures qui en dépendent ? Pontivy
65%
Les journaux locaux sont Le Télégramme
59%
Les communes limitrophes dont le nom contient un O sont Arradon
51%
Les communes limitrophes dont le nom contient un O sont Plescop
45%
Le précédent s'ouvre sur la baie de Quiberon
45%
Les communes limitrophes dont le nom contient un O sont Saint-Nolff
36%
Les communes limitrophes dont le nom contient un O sont Ploeren
35%
Les communes limitrophes dont le nom contient un O sont Theix-Noyalo
32%
La commune est fondée par les... Vénètes
26%
Le 1er évêque de la ville est Patern
14%
La ville est jumelée avec la ville belge de Mons
11%
Quel est le plus ancien nom connu de la commune ? Darioritum
10%
Le festival de photo de Vannes est dédié aux photos dites... maritimes | de mer | mer
8%
En 578, la ville devient la capitale du royaume de Broërec
2%
Aucun quiz correspondant
Distribution des résultats
% des personnes avec chaque résultat
Percentile par nombre de réponses
Votre historique - résultats
Vous n’avez pas pris ce quiz